000 00590nam a2200193Ia 4500
003 IN-BaIIA
008 211028s9999 xx 000 0 eng d
020 _a0-85229-413-1
040 _cIIA Library
080 _a031
_bEBR-7
110 _aEncyclopedia Britannica
_910946
245 4 _aThe New Encyclopaedia Britannica in 30 Volumes
_bvol. 7, macropaedia, knowledge in depth
_cEncyclopedia Britannica
250 _a32nd ed.
260 _aChicago
_bEncyclopaedia Britannica
_c1984
300 _a1135p.
650 _aEncyclopedia-Macropaedia
_913711
650 _aNASA Thesaurus
942 _cBK
999 _c8157
_d8157